OHL Teams By Logos - Statistics

General Stats
  • This quiz has been taken 509 times
  • The average score is 17 of 20
Answer Stats
Picture Answer % Correct
Brantford Bulldogs
96%
Kitchener Rangers
94%
London Knights
93%
Peterborough Petes
92%
Oshawa Generals
91%
Sudbury Wolves
89%
Barrie Colts
88%
Guelph Storm
87%
Windsor Spitfires
87%
Erie Otters
86%
Ottawa 67's
86%
Sault Ste. Marie Greyhounds
85%
Saginaw Spirit
84%
Flint Firebirds
80%
Sarnia Sting
80%
Owen Sound Attack
79%
Mississauga Steelheads
78%
Niagara IceDogs
78%
North Bay Battalion
76%
Kingston Frontenacs
74%
No matching quizzes found
Score Distribution
Percent of People with Each Score
Percentile by Number Answered
Your Score History
You have not taken this quiz